00890nam a2200181 a 450000100100000000500170001000800410002704000250006808200150009310000460010824501000015426000840025430000220033850002090036004900090056995201130057899900170069100002890320210408120842.0110412s1993 dr 000 0 spa d aDO-SdBNPbspacBNPHU axxxxbG993 aGuzmán Álvares, José Antonio95597613aLa pequeña y mediana empresa en la economía nacional. /cJosé Antonio Guzmán Álvarez. aSanto Domingo :bUniversidad Nacional Pedro Henríquez Ureña (UNPHU),c1993. a[16 p.] ;c22 cm. aConferencia dictada por el director de la Corporación de Fomento Indusrial (CFI) José Antonio Guzmán Álvarez en la Universidad Nacional Pedro Henríquez Ureña (UNPHU) el 24 de noviembre de 1993 aBNPD 0010718PDaPDbPDcCTd2011-04-12iLF1l0oxxxx G993p28903-10r2020-06-25w2020-06-25yLFPDZNo se presta c28395d28395